[Event "Unterfränkischen EM 2014"]
[Site "Wörth am Main"]
[Date "2014.04.21"]
[Round "1.5"]
[White "Ersoez, Can"]
[Black "Kuhn, Norbert"]
[Result "1/2-1/2"]
[WhiteElo "2034"]
[BlackElo "2161"]
[PlyCount "51"]
[EventDate "2014.??.??"]

1. e4 e6 2. d4 d5 3. Nc3 Bb4 4. exd5 exd5 5. Bd3 Nf6 6. Nge2 Bg4 7. O-O O-O 8.
f3 Bh5 9. Nf4 Bg6 10. Nxg6 hxg6 11. Bg5 c5 12. dxc5 Bxc3 13. bxc3 Nbd7 14. f4
Nxc5 15. Rb1 Qa5 16. Bxf6 gxf6 17. Rb5 Qxc3 18. Bxg6 fxg6 19. Qxd5+ Kg7 20.
Rxc5 Qe3+ 21. Kh1 Rf7 22. Rb5 Rb8 23. f5 g5 24. Rfb1 b6 25. R5b3 Qf2 26. Qe4
1/2-1/2

[Event "Unterfränkischen EM 2014"]
[Site "Wörth am Main"]
[Date "2014.04.21"]
[Round "1.6"]
[White "Amtmann, Florian"]
[Black "Vogt, Thomas"]
[Result "1-0"]
[WhiteElo "2158"]
[BlackElo "2023"]
[PlyCount "65"]
[EventDate "2014.??.??"]

1. d4 Nf6 2. Nf3 e6 3. c4 c5 4. d5 b5 5. Bg5 Qa5+ 6. Bd2 Qc7 7. Qc2 e5 8. e4
bxc4 9. Bxc4 Be7 10. O-O O-O 11. Na3 d6 12. Ne1 Ne8 13. f4 Nd7 14. f5 f6 15.
Rf3 Rf7 16. Qd1 Nf8 17. g4 g5 18. fxg6 hxg6 19. Rg3 g5 20. Nac2 Ng6 21. Ne3 Ng7
22. Nf5 Bxf5 23. gxf5 Nf4 24. Bxf4 exf4 25. Rg2 Bf8 26. Qf3 Re7 27. Nd3 Rae8
28. Nf2 Rb8 29. b3 Ree8 30. h4 Qf7 31. hxg5 fxg5 32. Rf1 Nh5 33. Rxg5+ 1-0

[Event "Unterfränkischen EM 2014"]
[Site "Wörth am Main"]
[Date "2014.04.21"]
[Round "1.7"]
[White "Kwossek, Georg"]
[Black "Basel, Matthias"]
[Result "1/2-1/2"]
[WhiteElo "2015"]
[BlackElo "2110"]
[PlyCount "54"]
[EventDate "2014.??.??"]

1. d4 Nf6 2. Nf3 g6 3. c4 Bg7 4. Nc3 O-O 5. e4 d6 6. Be2 e5 7. Be3 Nc6 8. d5
Ne7 9. Nd2 Ne8 10. O-O f5 11. f3 f4 12. Bf2 g5 13. c5 Kh8 14. Rc1 Ng8 15. Nc4
Bd7 16. b4 Ngf6 17. b5 b6 18. cxd6 cxd6 19. a4 Rg8 20. a5 bxa5 21. b6 axb6 22.
Bxb6 Qe7 23. Nxa5 Bf8 24. Nc6 Qg7 25. Nd8 Qe7 26. Nc6 Qg7 27. Nd8 Qe7 1/2-1/2

[Event "Unterfränkischen EM 2014"]
[Site "Wörth am Main"]
[Date "2014.04.21"]
[Round "1.8"]
[White "Hock, Gerold"]
[Black "Flach, Manuel"]
[Result "1-0"]
[WhiteElo "2097"]
[BlackElo "1908"]
[PlyCount "81"]
[EventDate "2014.??.??"]

1. e4 c5 2. Nf3 Nc6 3. b3 d6 4. Bb5 Bd7 5. O-O Nf6 6. Re1 e5 7. c3 Be7 8. d4
cxd4 9. cxd4 Nxd4 10. Nxd4 exd4 11. Bc4 b5 12. Bf1 Qb6 13. Bb2 O-O 14. Bxd4 Qb7
15. Nd2 d5 16. Bd3 Be6 17. Qe2 Bb4 18. Bxf6 gxf6 19. Red1 Bc3 20. Rac1 b4 21.
exd5 Qxd5 22. Ne4 Qe5 23. Nxc3 bxc3 24. Qxe5 fxe5 25. Rxc3 f5 26. Rc6 Bf7 27.
Bxf5 Be8 28. Be6+ Kg7 29. Rc7+ Kf6 30. Bc4 h5 31. Rd6+ Kf5 32. Be6+ Kg5 33. Bd5
Bg6 34. h4+ Kh6 35. Bxa8 Rxa8 36. Ra6 Rf8 37. Rcxa7 e4 38. Re7 e3 39. Rxe3 Rf7
40. Ree6 Rg7 41. Rxg6+ 1-0

[Event "Unterfränkische"]
[Site "?"]
[Date "2014.04.21"]
[Round "1.1"]
[White "Wurm, Alexander"]
[Black "Savina, Anastasia"]
[Result "0-1"]
[WhiteElo "2094"]
[BlackElo "2394"]
[PlyCount "68"]
[EventDate "2014.??.??"]

1. d4 {[%clk 1:59:48]} 1... Nf6 {[%clk 1:59:35]} 2. c4 {[%clk 1:59:12]} 2... g6
{[%clk 1:59:24]} 3. Nc3 {[%clk 1:58:56]} 3... Bg7 {[%clk 1:59:16]} 4. e4 {
[%clk 1:58:35]} 4... d6 {[%clk 1:59:11]} 5. f3 {[%clk 1:58:24]} 5... O-O {
[%clk 1:59:02]} 6. Be3 {[%clk 1:58:12]} 6... c5 {[%clk 1:56:51]} 7. Nge2 {
[%clk 1:56:00]} 7... Nc6 {[%clk 1:56:27]} 8. Qd2 {[%clk 1:53:27]} 8... cxd4 {
[%clk 1:53:12]} 9. Nxd4 {[%clk 1:51:55]} 9... Nh5 {[%clk 1:52:35]} 10. g4 {
[%clk 1:36:12]} 10... Nxd4 {[%clk 1:44:45]} 11. Bxd4 {[%clk 1:36:02]} 11...
Bxd4 {[%clk 1:43:51]} 12. Qxd4 {[%clk 1:35:54]} 12... e5 {[%clk 1:43:20]} 13.
Qd2 {[%clk 1:28:59]} 13... Nf4 {[%clk 1:36:21]} 14. Nd5 {[%clk 1:23:18]} 14...
Be6 {[%clk 1:10:05]} 15. Nxf4 {[%clk 1:15:33]} 15... exf4 {[%clk 1:09:07]} 16.
Qxf4 {[%clk 0:54:59]} 16... Rc8 {[%clk 1:06:35]} 17. b3 {[%clk 0:42:32]} 17...
b5 {[%clk 0:58:23]} 18. Rd1 {[%clk 0:38:47]} 18... Qh4+ {[%clk 0:50:42]} 19.
Qg3 {[%clk 0:37:37]} 19... Qf6 {[%clk 0:50:02]} 20. Be2 {[%clk 0:26:53]} 20...
bxc4 {[%clk 0:44:24]} 21. Bxc4 {[%clk 0:19:10]} 21... Qc3+ {[%clk 0:40:28]} 22.
Kf1 {[%clk 0:15:03]} 22... Bxc4+ {[%clk 0:26:49]} 23. bxc4 {[%clk 0:15:01]}
23... Qxc4+ {[%clk 0:26:12]} 24. Kg2 {[%clk 0:14:43]} 24... Qxa2+ {
[%clk 0:25:52]} 25. Kh3 {[%clk 0:14:37]} 25... a5 {[%clk 0:24:47]} 26. Qxd6 {
[%clk 0:12:31]} 26... a4 {[%clk 0:21:23]} 27. Ra1 {[%clk 0:10:19]} 27... Qe2 {
[%clk 0:20:15]} 28. Qd1 {[%clk 0:09:22]} 28... Qe3 {[%clk 0:13:08]} 29. Rxa4 {
[%clk 0:02:51]} 29... Rfd8 {[%clk 0:12:31]} 30. Qe1 {[%clk 0:02:19]} 30...
Qxf3+ {[%clk 0:12:00]} 31. Kh4 {[%clk 0:02:13]} 31... Qf6+ {[%clk 0:08:00]} 32.
Kh3 {[%clk 0:01:58]} 32... Rc3+ {[%clk 0:07:32]} 33. Kg2 {[%clk 0:01:52]} 33...
Qf3+ {[%clk 0:07:21]} 34. Kg1 {[%clk 0:01:47]} 34... Rd1 {[%clk 0:06:57]} 0-1

[Event "Unterfränkische"]
[Site "?"]
[Date "2014.04.21"]
[Round "1.2"]
[White "Englert, Fabian"]
[Black "Frey, Michael"]
[Result "1-0"]
[WhiteElo "2310"]
[BlackElo "2083"]
[PlyCount "103"]
[EventDate "2014.??.??"]

1. d4 {[%clk 1:59:56]} 1... Nf6 {[%clk 1:59:44]} 2. Nf3 {[%clk 1:59:49]} 2...
d5 {[%clk 1:59:27]} 3. c4 {[%clk 1:57:45]} 3... c6 {[%clk 1:54:56]} 4. e3 {
[%clk 1:57:00]} 4... e6 {[%clk 1:51:21]} 5. Nbd2 {[%clk 1:52:20]} 5... Nbd7 {
[%clk 1:47:01]} 6. Bd3 {[%clk 1:49:29]} 6... Bd6 {[%clk 1:45:53]} 7. O-O {
[%clk 1:48:45]} 7... O-O {[%clk 1:45:42]} 8. Qc2 {[%clk 1:44:38]} 8... Re8 {
[%clk 1:43:08]} 9. e4 {[%clk 1:44:01]} 9... dxe4 {[%clk 1:41:08]} 10. Nxe4 {
[%clk 1:43:49]} 10... Nxe4 {[%clk 1:40:59]} 11. Bxe4 {[%clk 1:43:45]} 11... h6
{[%clk 1:40:08]} 12. b3 {[%clk 1:42:10]} 12... e5 {[%clk 1:36:30]} 13. Bb2 {
[%clk 1:23:20]} 13... exd4 {[%clk 1:34:00]} 14. Bh7+ {[%clk 1:23:13]} 14... Kh8
{[%clk 1:33:20]} 15. Nxd4 {[%clk 1:20:17]} 15... Nf8 {[%clk 1:25:17]} 16. Bf5 {
[%clk 1:16:26]} 16... Be5 {[%clk 1:15:02]} 17. Rad1 {[%clk 1:14:24]} 17... Qf6
{[%clk 1:14:17]} 18. Bxc8 {[%clk 1:09:45]} 18... Raxc8 {[%clk 1:13:23]} 19. f4
{[%clk 1:09:17]} 19... Bxd4+ {[%clk 1:12:31]} 20. Bxd4 {[%clk 1:08:57]} 20...
Qe6 {[%clk 1:11:34]} 21. f5 {[%clk 1:00:19]} 21... Qe2 {[%clk 1:09:13]} 22. Qc3
{[%clk 0:47:00]} 22... f6 {[%clk 1:04:27]} 23. Rde1 {[%clk 0:37:19]} 23... Qg4
{[%clk 1:00:48]} 24. h3 {[%clk 0:36:36]} 24... Qh5 {[%clk 0:59:24]} 25. Bxf6 {
[%clk 0:31:42]} 25... gxf6 {[%clk 0:57:37]} 26. Qxf6+ {[%clk 0:31:39]} 26...
Kh7 {[%clk 0:56:14]} 27. Re7+ {[%clk 0:28:51]} 27... Rxe7 {[%clk 0:55:21]} 28.
Qxe7+ {[%clk 0:28:49]} 28... Kh8 {[%clk 0:54:24]} 29. Qxb7 {[%clk 0:20:22]}
29... Re8 {[%clk 0:52:08]} 30. Qxc6 {[%clk 0:18:44]} 30... Nh7 {[%clk 0:44:18]}
31. Qd7 {[%clk 0:15:55]} 31... Nf6 {[%clk 0:43:11]} 32. Qxa7 {[%clk 0:15:15]}
32... Re2 {[%clk 0:39:50]} 33. Qb8+ {[%clk 0:13:40]} 33... Kg7 {[%clk 0:38:26]}
34. Qc7+ {[%clk 0:13:01]} 34... Kf8 {[%clk 0:38:09]} 35. Qd6+ {[%clk 0:11:41]}
35... Kf7 {[%clk 0:36:24]} 36. Qc7+ {[%clk 0:11:13]} 36... Kf8 {[%clk 0:36:16]}
37. Qc8+ {[%clk 0:10:46]} 37... Kf7 {[%clk 0:35:38]} 38. Qb7+ {[%clk 0:10:15]}
38... Kf8 {[%clk 0:34:46]} 39. Qb8+ {[%clk 0:09:32]} 39... Kf7 {[%clk 0:34:25]}
40. Qa7+ {[%clk 0:07:34]} 40... Kf8 {[%clk 0:34:06]} 41. Qb8+ {[%clk 0:40:29]}
41... Kf7 {[%clk 1:33:27]} 42. Qg3 {[%clk 0:40:10]} 42... Ne4 {[%clk 1:26:23]}
43. Qd3 {[%clk 0:37:36]} 43... Nd2 {[%clk 1:16:25]} 44. g4 {[%clk 0:33:36]}
44... Qh4 {[%clk 1:15:11]} 45. Qxe2 {[%clk 0:33:00]} 45... Nxf1 {[%clk 1:15:03]
} 46. Kxf1 {[%clk 0:30:35]} 46... Qxh3+ {[%clk 1:14:41]} 47. Kf2 {
[%clk 0:30:17]} 47... Qh2+ {[%clk 1:14:03]} 48. Ke3 {[%clk 0:30:11]} 48... Qe5+
{[%clk 1:13:55]} 49. Kd3 {[%clk 0:30:09]} 49... Qg3+ {[%clk 1:13:29]} 50. Kc2 {
[%clk 0:29:58]} 50... Qg1 {[%clk 1:13:18]} 51. Qe6+ {[%clk 0:29:21]} 51... Kf8
{[%clk 1:13:11]} 52. f6 {[%clk 0:26:01]} 1-0

[Event "Unterfränkische"]
[Site "?"]
[Date "2014.04.21"]
[Round "1.3"]
[White "Pfarr, Michael"]
[Black "Kuhn, Tobias"]
[Result "0-1"]
[WhiteElo "2074"]
[BlackElo "2225"]
[PlyCount "76"]
[EventDate "2014.??.??"]

1. e4 {[%clk 1:59:53]} 1... c6 {[%clk 1:59:50]} 2. d4 {[%clk 1:59:42]} 2... d5
{[%clk 1:59:45]} 3. exd5 {[%clk 1:59:34]} 3... cxd5 {[%clk 1:59:40]} 4. c4 {
[%clk 1:59:21]} 4... Nf6 {[%clk 1:59:34]} 5. Nc3 {[%clk 1:58:44]} 5... g6 {
[%clk 1:59:29]} 6. cxd5 {[%clk 1:57:01]} 6... Bg7 {[%clk 1:59:21]} 7. Nf3 {
[%clk 1:53:07]} 7... O-O {[%clk 1:58:16]} 8. Bc4 {[%clk 1:51:18]} 8... Nbd7 {
[%clk 1:53:05]} 9. O-O {[%clk 1:43:14]} 9... Nb6 {[%clk 1:52:23]} 10. Bb3 {
[%clk 1:42:51]} 10... Nbxd5 {[%clk 1:51:46]} 11. Re1 {[%clk 1:41:40]} 11... Be6
{[%clk 1:36:24]} 12. h3 {[%clk 1:19:31]} 12... h6 {[%clk 1:24:57]} 13. Ne5 {
[%clk 1:14:41]} 13... Qd6 {[%clk 1:22:58]} 14. Qf3 {[%clk 1:09:10]} 14... Rad8
{[%clk 1:00:55]} 15. Bd2 {[%clk 0:59:59]} 15... Qb6 {[%clk 0:51:34]} 16. Rad1 {
[%clk 0:55:09]} 16... Nxc3 {[%clk 0:50:08]} 17. bxc3 {[%clk 0:48:03]} 17...
Bxb3 {[%clk 0:49:23]} 18. axb3 {[%clk 0:47:26]} 18... Qxb3 {[%clk 0:49:01]} 19.
Nd3 {[%clk 0:42:08]} 19... b6 {[%clk 0:38:06]} 20. Rxe7 {[%clk 0:34:45]} 20...
Nd5 {[%clk 0:33:48]} 21. Ree1 {[%clk 0:33:57]} 21... Qc2 {[%clk 0:28:12]} 22.
Nf4 {[%clk 0:30:15]} 22... Nxf4 {[%clk 0:25:50]} 23. Bxf4 {[%clk 0:29:39]}
23... Qf5 {[%clk 0:22:52]} 24. g4 {[%clk 0:26:25]} 24... Qf6 {[%clk 0:21:19]}
25. Qe3 {[%clk 0:23:50]} 25... Qc6 {[%clk 0:19:32]} 26. Qd3 {[%clk 0:18:56]}
26... Qd5 {[%clk 0:18:04]} 27. Ra1 {[%clk 0:17:17]} 27... Rfe8 {[%clk 0:17:04]}
28. Reb1 {[%clk 0:15:30]} 28... Re7 {[%clk 0:13:14]} 29. Re1 {[%clk 0:12:51]}
29... Rde8 {[%clk 0:12:28]} 30. Bd2 {[%clk 0:10:13]} 30... a5 {[%clk 0:11:52]}
31. Rxe7 {[%clk 0:09:27]} 31... Rxe7 {[%clk 0:11:47]} 32. Rb1 {[%clk 0:09:15]}
32... a4 {[%clk 0:03:41]} 33. Rxb6 {[%clk 0:06:49]} 33... a3 {[%clk 0:03:35]}
34. Rb8+ {[%clk 0:03:14]} 34... Kh7 {[%clk 0:03:32]} 35. Rb5 {[%clk 0:03:00]}
35... Qa8 {[%clk 0:02:28]} 36. Qb1 {[%clk 0:02:19]} 36... a2 {[%clk 0:01:27]}
37. Qa1 {[%clk 0:02:16]} 37... Qf3 {[%clk 0:00:31]} 38. Qxa2 {[%clk 0:01:14]}
38... Re2 {[%clk 0:00:30]} 0-1

[Event "Unterfränkische"]
[Site "?"]
[Date "2014.04.21"]
[Round "1.4"]
[White "Kunz, Konstantin"]
[Black "Scholz, Stefan"]
[Result "1-0"]
[WhiteElo "2198"]
[BlackElo "2046"]
[PlyCount "79"]
[EventDate "2014.??.??"]

1. d4 {[%clk 1:59:55]} 1... Nf6 {[%clk 1:59:47]} 2. Nf3 {[%clk 1:59:39]} 2...
g6 {[%clk 1:59:36]} 3. Bf4 {[%clk 1:58:59]} 3... Bg7 {[%clk 1:59:15]} 4. e3 {
[%clk 1:58:47]} 4... d6 {[%clk 1:58:43]} 5. h3 {[%clk 1:58:30]} 5... O-O {
[%clk 1:57:59]} 6. Be2 {[%clk 1:58:13]} 6... Nbd7 {[%clk 1:57:20]} 7. O-O {
[%clk 1:57:48]} 7... Ne4 {[%clk 1:55:20]} 8. Bh2 {[%clk 1:56:45]} 8... Kh8 {
[%clk 1:51:13]} 9. c4 {[%clk 1:51:39]} 9... e5 {[%clk 1:48:34]} 10. Nc3 {
[%clk 1:40:09]} 10... Nxc3 {[%clk 1:43:14]} 11. bxc3 {[%clk 1:40:01]} 11... Qe7
{[%clk 1:42:24]} 12. Re1 {[%clk 1:14:09]} 12... Nb6 {[%clk 1:32:48]} 13. c5 {
[%clk 1:10:49]} 13... Nd7 {[%clk 1:28:00]} 14. cxd6 {[%clk 1:09:06]} 14... cxd6
{[%clk 1:26:50]} 15. Bb5 {[%clk 0:58:43]} 15... a6 {[%clk 1:16:24]} 16. Bxd7 {
[%clk 0:48:01]} 16... Bxd7 {[%clk 1:16:07]} 17. dxe5 {[%clk 0:47:48]} 17...
dxe5 {[%clk 1:15:15]} 18. Bxe5 {[%clk 0:45:51]} 18... Bxe5 {[%clk 1:11:33]} 19.
Nxe5 {[%clk 0:45:42]} 19... Bxh3 {[%clk 1:05:12]} 20. Qd4 {[%clk 0:39:40]}
20... f6 {[%clk 1:03:16]} 21. Nxg6+ {[%clk 0:38:21]} 21... hxg6 {[%clk 1:03:07]
} 22. Qh4+ {[%clk 0:37:48]} 22... Kg7 {[%clk 1:02:00]} 23. Qxh3 {[%clk 0:37:21]
} 23... Rh8 {[%clk 1:01:28]} 24. Qg4 {[%clk 0:31:42]} 24... Rad8 {
[%clk 0:54:51]} 25. Red1 {[%clk 0:27:23]} 25... Qc7 {[%clk 0:44:47]} 26. Rac1 {
[%clk 0:25:40]} 26... b5 {[%clk 0:36:47]} 27. f3 {[%clk 0:20:55]} 27... Qa7 {
[%clk 0:29:55]} 28. Rd4 {[%clk 0:18:02]} 28... Qe7 {[%clk 0:25:02]} 29. Kf2 {
[%clk 0:10:00]} 29... Rhe8 {[%clk 0:21:28]} 30. Re1 {[%clk 0:07:35]} 30... Qe5
{[%clk 0:18:03]} 31. f4 {[%clk 0:06:45]} 31... Qc7 {[%clk 0:07:34]} 32. f5 {
[%clk 0:04:44]} 32... Qf7 {[%clk 0:02:33]} 33. Red1 {[%clk 0:04:02]} 33... Rxd4
{[%clk 0:02:07]} 34. Rxd4 {[%clk 0:03:42]} 34... Qxa2+ {[%clk 0:01:34]} 35. Kf3
{[%clk 0:03:33]} 35... Qf7 {[%clk 0:01:15]} 36. fxg6 {[%clk 0:03:23]} 36...
Qb7+ {[%clk 0:01:03]} 37. e4 {[%clk 0:03:09]} 37... Re7 {[%clk 0:00:41]} 38.
Qh5 {[%clk 0:02:58]} 38... Qc7 {[%clk 0:00:16]} 39. Qh7+ {[%clk 0:02:42]} 39...
Kf8 {[%clk 0:00:15]} 40. Qh8# {[%clk 0:02:29]} 1-0

[Event "Unterfränkischen EM 2014"]
[Site "Wörth am Main"]
[Date "2014.04.21"]
[Round "1.3"]
[White "Blank, Stefan"]
[Black "Markert, Markus"]
[Result "0-1"]
[WhiteElo "1865"]
[BlackElo "2019"]
[PlyCount "52"]
[EventDate "2014.??.??"]

1. e4 e6 2. d3 d5 3. Nd2 c5 4. Ngf3 Nc6 5. g3 Bd6 6. Bg2 Nf6 7. O-O O-O 8. Re1
Qc7 9. Qe2 Nd7 10. exd5 exd5 11. c3 Nf6 12. Nf1 Bg4 13. Bg5 Nd7 14. h3 Be6 15.
Bd2 d4 16. Ng5 Bf5 17. Be4 Bxe4 18. Nxe4 Rae8 19. Qh5 Nce5 20. Bf4 f5 21. Nxd6
Qxd6 22. Rad1 Qc6 23. Nh2 Nf6 24. Qxf5 Nfg4 25. Qh5 g6 26. Nxg4 Nf3+ 0-1

[Event "Unterfränkischen EM 2014"]
[Site "Wörth am Main"]
[Date "2014.04.21"]
[Round "1.4"]
[White "Helgert, Johannes"]
[Black "Rößner, Uwe"]
[Result "1-0"]
[WhiteElo "1993"]
[BlackElo "1863"]
[PlyCount "79"]
[EventDate "2014.??.??"]

1. d4 d6 2. c4 e5 3. Nf3 e4 4. Nfd2 f5 5. e3 Nf6 6. Nc3 c6 7. Be2 Be7 8. O-O
O-O 9. b4 Qe8 10. d5 Qg6 11. f4 h5 12. Nb3 Ng4 13. Qd2 Bh4 14. Bxg4 fxg4 15. g3
Bf6 16. Bb2 Na6 17. a3 Rd8 18. Na5 c5 19. Na4 Bd7 20. b5 Nc7 21. Nxb7 Rdb8 22.
Na5 Nxb5 23. cxb5 Bxb5 24. Nc3 Bxf1 25. Kxf1 Rb6 26. Nc6 h4 27. Ra2 hxg3 28.
hxg3 Kf7 29. Qg2 Bxc3 30. Bxc3 Rb1+ 31. Ke2 Rh8 32. Rb2 Rxb2+ 33. Bxb2 Qf5 34.
Be5 Qc8 35. Qxe4 Qa6+ 36. Kd1 Rh2 37. Qf5+ Kg8 38. Ne7+ Kh8 39. Qf8+ Kh7 40.
Qxg7# 1-0

[Event "Unterfränkischen EM 2014"]
[Site "Wörth am Main"]
[Date "2014.04.21"]
[Round "1.5"]
[White "Schneider, Johannes"]
[Black "Kirchner, Michael"]
[Result "1/2-1/2"]
[WhiteElo "1843"]
[BlackElo "1973"]
[PlyCount "89"]
[EventDate "2014.??.??"]

1. d4 d6 2. c4 e5 3. dxe5 dxe5 4. Qxd8+ Kxd8 5. Nf3 f6 6. Nc3 Be6 7. e3 Nd7 8.
b3 c6 9. Bb2 Kc7 10. O-O-O Nh6 11. Bd3 Be7 12. h3 Nb6 13. Bc2 g6 14. Rd2 Nf7
15. Rhd1 Rhd8 16. Rxd8 Nxd8 17. Ne4 a5 18. a4 Nf7 19. Bc3 Nd7 20. Kb2 Nd6 21.
Nxd6 Bxd6 22. Nd2 b6 23. Ne4 Be7 24. f3 Rd8 25. Be1 f5 26. Nc3 Bc5 27. e4 Bd4
28. Kc1 Nc5 29. Ne2 Be3+ 30. Bd2 Nd3+ 31. Bxd3 Rxd3 32. Kc2 Rxd2+ 33. Rxd2 Bxd2
34. Kxd2 b5 35. Kd3 bxa4 36. bxa4 Kd6 37. exf5 gxf5 38. Ng3 Kc5 39. Kc3 Kd6 40.
Kd3 Bd7 41. Ne2 Kc5 42. Kc3 Kd6 43. Kd3 Ke6 44. Nc1 Kd6 45. Ne2 1/2-1/2

[Event "Unterfränkischen EM 2014 (1.7)"]
[Site "?"]
[Date "2014.04.21"]
[Round "?"]
[White "Schneider, Jana"]
[Black "Simon, Jonathan"]
[Result "1-0"]
[WhiteElo "1766"]
[BlackElo "1938"]
[PlyCount "171"]
[EventDate "2014.04.21"]

1. e4 e6 2. d4 d5 3. Nd2 Nf6 4. e5 Nfd7 5. Bd3 c5 6. c3 Nc6 7. Ne2 Qb6 8. Nf3
cxd4 9. cxd4 f6 10. exf6 Nxf6 11. O-O Bd6 12. Bf4 Qc7 13. Qd2 O-O 14. Rfe1 Bd7
15. Rac1 Rac8 16. Ne5 Qd8 17. Nxd7 Qxd7 18. Bxd6 Qxd6 19. Nf4 Nxd4 20. Rxc8
Rxc8 21. Bxh7+ Nxh7 22. Qxd4 Rc4 23. Qxa7 Rxf4 24. Qxb7 Qc5 25. Rf1 Ng5 26. Qd7
d4 27. b4 Qb6 28. a4 Ne4 29. a5 Qd6 30. Qxd6 Nxd6 31. Re1 d3 32. Rb1 d2 33. Kf1
Rc4 34. Rd1 Rc2 35. Ke2 Nc4 36. a6 Ra2 37. b5 Ra5 38. Rb1 Na3 39. Ra1 Kf7 40.
b6 Rxa6 41. b7 Rb6 42. Rxa3 Rxb7 43. Kxd2 Rb4 44. Ke3 Kf6 45. h3 Rc4 46. Rd3
Ra4 47. g3 Rb4 48. Rd4 Rb1 49. Re4 Rb5 50. Kf3 Rb2 51. h4 Rb5 52. Kg4 Ra5 53.
f4 g6 54. Kf3 Ra3+ 55. Re3 Ra1 56. Re5 Ra3+ 57. Kg4 Ra1 58. h5 gxh5+ 59. Rxh5
Kg6 60. Re5 Kf6 61. Kh3 Ra3 62. Kh4 Ra4 63. Rh5 Kg6 64. Rg5+ Kf6 65. Kh5 Ra1
66. Rg6+ Kf5 67. Kh6 Ra7 68. Rg5+ Kf6 69. g4 Ra4 70. f5 exf5 71. Rxf5+ Ke6 72.
Kh5 Ra1 73. Rf4 Ke5 74. Rf8 Ke6 75. Kg6 Ke5 76. g5 Ra6+ 77. Kg7 Ra7+ 78. Rf7
Ra1 79. g6 Rg1 80. Kh7 Ke6 81. Rf3 Rh1+ 82. Kg8 Ke7 83. Rf7+ Ke8 84. Rh7 Rf1
85. g7 Rg1 86. Kh8 1-0

[Event "Unterfränkischen EM 2014"]
[Site "Wörth am Main"]
[Date "2014.04.21"]
[Round "1.8"]
[White "Klüber, Werner"]
[Black "Böhl, Marius"]
[Result "1/2-1/2"]
[WhiteElo "1937"]
[BlackElo "1743"]
[PlyCount "57"]
[EventDate "2014.??.??"]

1. d4 Nf6 2. c4 e6 3. Nc3 b6 4. Nf3 Bb7 5. e3 Be7 6. Bd3 d6 7. Qe2 c5 8. O-O
Nbd7 9. b3 cxd4 10. exd4 O-O 11. Bb2 d5 12. Ne5 dxc4 13. Nxc4 Nd5 14. Nxd5 Bxd5
15. Rac1 Nf6 16. Ne5 Qd6 17. Rc2 Bb7 18. Rfc1 Nd5 19. Be4 Bg5 20. Bxd5 Qxd5 21.
f4 Bxf4 22. Rf1 Bg5 23. Rc7 f6 24. Rd7 Qe4 25. Qxe4 Bxe4 26. Nf3 Be3+ 27. Kh1
Bh6 28. Bc1 g5 29. h4 1/2-1/2

[Event "Unterfränkischen EM 2014"]
[Site "Wörth am Main"]
[Date "2014.04.21"]
[Round "1.9"]
[White "Schandel, Dietmar"]
[Black "Drewes, Thomas"]
[Result "1-0"]
[WhiteElo "1853"]
[BlackElo "1912"]
[PlyCount "111"]
[EventDate "2014.??.??"]

1. e4 e5 2. Nf3 d6 3. d4 exd4 4. Nxd4 Nf6 5. Nc3 Be7 6. Bc4 O-O 7. f3 a6 8. Be3
Bd7 9. a4 Nc6 10. Nxc6 Bxc6 11. O-O Qd7 12. Qd3 Rfd8 13. Rfd1 Qe8 14. b3 Bd7
15. Re1 Be6 16. Rad1 Bxc4 17. Qxc4 Rac8 18. b4 c6 19. Qb3 b5 20. Re2 h6 21.
Red2 Bf8 22. axb5 cxb5 23. Nd5 Nxd5 24. Qxd5 Qe6 25. Bd4 Qxd5 26. exd5 Rc4 27.
c3 Be7 28. Ra2 Bf6 29. Bxf6 gxf6 30. Rxa6 Rxc3 31. Rb6 Rb3 32. Rxb5 Rc8 33. Rd2
Rc4 34. Rb6 Rbxb4 35. Rxd6 Kg7 36. Kf2 Rd4 37. Rxd4 Rxd4 38. Ke3 Rd1 39. g3 h5
40. h4 Kf8 41. Ke4 Ke7 42. Ra6 f5+ 43. Ke5 f6+ 44. Kxf5 Rxd5+ 45. Kg6 f5 46.
Rf6 Rd8 47. Kxf5 Rg8 48. Rg6 Rf8+ 49. Kg5 Rxf3 50. Kxh5 Kf7 51. g4 Rf4 52. Kh6
Ra4 53. h5 Rf4 54. Rg7+ Kf8 55. g5 Rh4 56. Ra7 1-0